[Event "NB1 Charousek csoport"]
[Site "Szombathely"]
[Date "2024.12.15"]
[Round "4.5"]
[White "Markoja, Boris"]
[Black "Egri, Laszlo Jr."]
[Result "1-0"]
[WhiteElo "2472"]
[BlackElo "2243"]
[PlyCount "79"]
[GameId "2123350677329491"]
[EventDate "2024.11.03"]
[EventType "team-tourn"]
[EventRounds "11"]
[EventCountry "HUN"]
[Source "chess.hu"]
[WhiteTeam "Tuxera ANSK II."]
[BlackTeam "Haladas VSE"]
[WhiteTeamCountry "HUN"]
[BlackTeamCountry "HUN"]

1. d4 Nf6 2. c4 c5 3. d5 e6 4. Nc3 exd5 5. cxd5 d6 6. e4 g6 7. Nge2 Bg7 8. Ng3 O-O 9. Be2 Na6 10. O-O Nc7 11. a4 Re8 12. Bg5 h6 13. Be3 Rb8 14. Qd2 Kh7 15. h3 a6 16. f4 b5 17. e5 b4 18. Nce4 Nfxd5 19. Rad1 dxe5 20. f5 Bb7 21. Bc4 Qh4 22. Bxc5 Red8 23. Qc2 Ne8 24. fxg6+ fxg6 25. Rf7 b3 26. Qf2 Nf4 27. Re1 Bxe4 28. Be7 g5 29. Rxe4 Rd1+ 30. Kh2 Rc1 31. Qa7 Rc2 32. Be2 Rbc8 33. Nf5 Rxe2 34. Nxh4 Rxe4 35. Bf8 Nh5 36. Nf5 Rf4 37. Bxg7 Rxf5 38. Rxf5 Nhxg7 39. Rxe5 Rc7 40. Qxa6 1-0

[Event "NB1 Charousek csoport"]
[Site "Szombathely"]
[Date "2024.12.15"]
[Round "4.6"]
[White "Czupor, Attila"]
[Black "Bodo, Norbert"]
[Result "1/2-1/2"]
[WhiteElo "2186"]
[BlackElo "2391"]
[PlyCount "64"]
[GameId "2123350941980359"]
[EventDate "2024.11.03"]
[EventType "team-tourn"]
[EventRounds "11"]
[EventCountry "HUN"]
[Source "chess.hu"]
[WhiteTeam "Haladas VSE"]
[BlackTeam "Tuxera ANSK II."]
[WhiteTeamCountry "HUN"]
[BlackTeamCountry "HUN"]

1. e4 c6 2. Nc3 d5 3. Qe2 dxe4 4. Nxe4 Nf6 5. d3 Nxe4 6. dxe4 g6 7. g3 Bg7 8. c3 h5 9. Bg2 Nd7 10. Nf3 Nc5 11. O-O Qd3 12. Qxd3 Nxd3 13. Rd1 Nxc1 14. Raxc1 Be6 15. Ra1 Bg4 16. h3 Bd7 17. Bf1 Rd8 18. Rd2 Bh6 19. Rd3 Be6 20. Rxd8+ Kxd8 21. Nd4 Bc8 22. Bc4 Rf8 23. Kg2 Kc7 24. Rd1 e6 25. Nf3 Rd8 26. Rxd8 Kxd8 27. Ne5 Ke7 28. f4 g5 29. fxg5 Bxg5 30. h4 Bh6 31. Be2 f6 32. Nd3 b6 1/2-1/2

[Event "NB1 Charousek csoport"]
[Site "Szombathely"]
[Date "2024.12.15"]
[Round "4.7"]
[White "Krutti, Valer"]
[Black "Nemeth, Denes"]
[Result "1/2-1/2"]
[WhiteElo "2244"]
[BlackElo "2184"]
[PlyCount "98"]
[GameId "2123350895744695"]
[EventDate "2024.11.03"]
[EventType "team-tourn"]
[EventRounds "11"]
[EventCountry "HUN"]
[Source "chess.hu"]
[WhiteTeam "Tuxera ANSK II."]
[BlackTeam "Haladas VSE"]
[WhiteTeamCountry "HUN"]
[BlackTeamCountry "HUN"]

1. d4 Nf6 2. c4 e6 3. Nf3 b6 4. Nc3 Ba6 5. Qa4 c5 6. Bg5 Be7 7. e3 O-O 8. Be2 Bb7 9. dxc5 bxc5 10. Qc2 d5 11. Rd1 Qa5 12. O-O Rd8 13. cxd5 exd5 14. Qb3 Qb6 15. Na4 Qxb3 16. axb3 Nbd7 17. Bb5 Rac8 18. Rc1 h6 19. Bh4 g5 20. Bg3 Ne4 21. Rfd1 Ndf6 22. Nc3 Nxg3 23. hxg3 d4 24. exd4 Bxf3 25. gxf3 cxd4 26. Ne2 Rxc1 27. Nxc1 g4 28. fxg4 Nxg4 29. Nd3 Rd5 30. Bc4 Rf5 31. Re1 Bf6 32. Re6 Bg5 33. Re4 Nxf2 34. Nxf2 Be3 35. Rxe3 dxe3 36. Ng4 Rg5 37. Nxh6+ Kg7 38. Nxf7 Rxg3+ 39. Kf1 Kf6 40. Ke2 Kf5 41. Nd8 Ke4 42. Bd3+ Kf4 43. Ne6+ Ke5 44. Nd8 Rg8 45. Nc6+ Kf4 46. Kf1 Rh8 47. Kg2 Rg8+ 48. Kf1 Rh8 49. Kg2 Rg8+ 1/2-1/2

[Event "NB1 Charousek csoport"]
[Site "Szombathely"]
[Date "2024.12.15"]
[Round "4.8"]
[White "Takacs, Gergo"]
[Black "Demeter, Dorina"]
[Result "1-0"]
[WhiteElo "2196"]
[BlackElo "2197"]
[PlyCount "101"]
[GameId "2123350856922791"]
[EventDate "2024.11.03"]
[EventType "team-tourn"]
[EventRounds "11"]
[EventCountry "HUN"]
[Source "chess.hu"]
[WhiteTeam "Haladas VSE"]
[BlackTeam "Tuxera ANSK II."]
[WhiteTeamCountry "HUN"]
[BlackTeamCountry "HUN"]

1. e4 e5 2. Nf3 Nc6 3. Bb5 Nge7 4. d4 exd4 5. Nxd4 Nxd4 6. Qxd4 Nc6 7. Bxc6 dxc6 8. Qxd8+ Kxd8 9. O-O Be6 10. Rd1+ Kc8 11. Be3 b6 12. Nc3 Kb7 13. f3 Bd6 14. Bd4 f6 15. Ne2 Rhe8 16. Re1 Rad8 17. Rad1 Bc4 18. Nc3 Bb4 19. a3 Rxd4 20. axb4 c5 21. bxc5 bxc5 22. b3 Ba6 23. Nd5 c6 24. Ne3 Red8 25. c4 Rd3 26. Kf2 R8d4 27. Rxd3 Rxd3 28. Rd1 Rxb3 29. Rd7+ Kb6 30. Rxg7 Rc3 31. Rf7 Bxc4 32. Nxc4+ Rxc4 33. Rxf6 a5 34. e5 a4 35. Rf8 Kc7 36. Ra8 Kd7 37. Ra7+ Ke6 38. Rxh7 Kxe5 39. Ra7 Kd4 40. g4 Kc3 41. g5 Kb3 42. g6 Rd4 43. g7 Rd8 44. h4 c4 45. Rb7+ Ka3 46. h5 c3 47. Rc7 Kb2 48. h6 a3 49. h7 a2 50. Rb7+ Kc1 51. Ra7 1-0

[Event "NB1 Charousek csoport"]
[Site "Szombathely"]
[Date "2024.12.15"]
[Round "4.9"]
[White "Bodo, Bence"]
[Black "Rovid, Kalman"]
[Result "1-0"]
[WhiteElo "2256"]
[BlackElo "2146"]
[PlyCount "61"]
[GameId "2123350819538583"]
[EventDate "2024.11.03"]
[EventType "team-tourn"]
[EventRounds "11"]
[EventCountry "HUN"]
[Source "chess.hu"]
[WhiteTeam "Tuxera ANSK II."]
[BlackTeam "Haladas VSE"]
[WhiteTeamCountry "HUN"]
[BlackTeamCountry "HUN"]

1. e4 c5 2. Nf3 Nc6 3. Bb5 g6 4. O-O Nf6 5. Re1 Bg7 6. c3 O-O 7. d4 d5 8. e5 Ne4 9. Nbd2 Nxd2 10. Bxd2 cxd4 11. cxd4 Bg4 12. Bxc6 bxc6 13. h3 Bxf3 14. Qxf3 Qb6 15. Qc3 Rfc8 16. Rac1 e6 17. b4 Bf8 18. a3 Qb5 19. h4 a5 20. bxa5 c5 21. dxc5 Rxc5 22. Qf3 Rac8 23. Rb1 Qa4 24. h5 Rc4 25. Rb7 R4c7 26. Reb1 Qd4 27. Rxc7 Rxc7 28. Be3 Qc4 29. h6 Qa6 30. Rb8 Qxa5 31. Qf6 1-0

[Event "NB1 Charousek csoport"]
[Site "Szombathely"]
[Date "2024.12.15"]
[Round "4.10"]
[White "Bardics, Marko"]
[Black "Orso, Miklos"]
[Result "1/2-1/2"]
[WhiteElo "1986"]
[BlackElo "2149"]
[PlyCount "28"]
[GameId "2123350783116935"]
[EventDate "2024.11.03"]
[EventType "team-tourn"]
[EventRounds "11"]
[EventCountry "HUN"]
[Source "chess.hu"]
[WhiteTeam "Haladas VSE"]
[BlackTeam "Tuxera ANSK II."]
[WhiteTeamCountry "HUN"]
[BlackTeamCountry "HUN"]

1. e4 c5 2. Nf3 Nc6 3. d4 cxd4 4. Nxd4 e5 5. Nb5 d6 6. N1c3 a6 7. Na3 b5 8. Nd5 Nge7 9. c4 Nd4 10. Bd2 Nxd5 11. exd5 Bd7 12. Rc1 Be7 13. Bd3 O-O 14. O-O g6 1/2-1/2

[Event "NB1 Charousek csoport"]
[Site "Szombathely"]
[Date "2024.12.15"]
[Round "4.11"]
[White "Beznicza, Mira"]
[Black "Jokai, Bence"]
[Result "1/2-1/2"]
[WhiteElo "1947"]
[BlackElo "1929"]
[PlyCount "54"]
[GameId "2123350749566583"]
[EventDate "2024.11.03"]
[EventType "team-tourn"]
[EventRounds "11"]
[EventCountry "HUN"]
[Source "chess.hu"]
[WhiteTeam "Tuxera ANSK II."]
[BlackTeam "Haladas VSE"]
[WhiteTeamCountry "HUN"]
[BlackTeamCountry "HUN"]

1. c4 e6 2. e4 d5 3. cxd5 exd5 4. exd5 Nf6 5. Bb5+ Nbd7 6. Nc3 Bd6 7. d4 O-O 8. Nf3 Nb6 9. h3 a6 10. Bd3 Re8+ 11. Be2 Nbxd5 12. O-O h6 13. Bc4 Be6 14. Nxd5 Nxd5 15. Ne5 c5 16. Ng4 Nf6 17. Bxe6 Rxe6 18. dxc5 Bxc5 19. Qf3 Nxg4 20. Qxg4 Qb6 21. b3 Bxf2+ 22. Rxf2 Re1+ 23. Kh2 Rxc1 24. Rxc1 Qxf2 25. Rc8+ Rxc8 26. Qxc8+ Kh7 27. Qxb7 Qf4+ 1/2-1/2

[Event "NB1 Charousek csoport"]
[Site "Szombathely"]
[Date "2024.12.15"]
[Round "4.12"]
[White "Vilics, Hanna"]
[Black "Beznicza, Laszlo Bodo"]
[Result "1-0"]
[WhiteElo "1852"]
[BlackElo "1744"]
[PlyCount "53"]
[GameId "2123350715029095"]
[EventDate "2024.11.03"]
[EventType "team-tourn"]
[EventRounds "11"]
[EventCountry "HUN"]
[Source "chess.hu"]
[WhiteTeam "Haladas VSE"]
[BlackTeam "Tuxera ANSK II."]
[WhiteTeamCountry "HUN"]
[BlackTeamCountry "HUN"]

1. d4 Nf6 2. Nf3 g6 3. g3 Bg7 4. Bg2 d6 5. O-O a6 6. c4 O-O 7. Nc3 c6 8. h3 Re8 9. e4 Nfd7 10. Qc2 e5 11. dxe5 Nxe5 12. Nxe5 Bxe5 13. Rd1 Qc7 14. f4 Bg7 15. Qd3 Bf8 16. Be3 Nd7 17. Bd4 Nc5 18. Qd2 Be6 19. b3 Rad8 20. f5 Bc8 21. Qf4 Bg7 22. Bxg7 Kxg7 23. b4 Nd7 24. c5 Nf6 25. Rxd6 Nh5 26. Rxg6+ hxg6 27. Qxc7 1-0

[Event "NB1 Charousek csoport"]
[Site "Ajka"]
[Date "2024.12.15"]
[Round "4.1"]
[White "Mincsovics, Miklos"]
[Black "Grover, Sahaj"]
[Result "0-1"]
[WhiteElo "2216"]
[BlackElo "2460"]
[PlyCount "44"]
[GameId "2124449434358800"]
[EventDate "2024.11.03"]
[EventType "team-tourn"]
[EventRounds "11"]
[EventCountry "HUN"]
[Source "chess.hu"]
[WhiteTeam "Biatorbagy II"]
[BlackTeam "Sentimento Ajka BSK"]
[WhiteTeamCountry "HUN"]
[BlackTeamCountry "HUN"]

1. e4 c5 2. Nf3 e6 3. d4 cxd4 4. Bg5 Qc7 5. Bd3 Bb4+ 6. Nbd2 Nc6 7. O-O d6 8. a3 Bxd2 9. Qxd2 h6 10. Bh4 e5 11. h3 Nge7 12. Rac1 Ng6 13. Bg3 O-O 14. c3 dxc3 15. Rxc3 Be6 16. Rd1 Qb6 17. b4 Rfd8 18. Qe3 Nd4 19. Bb1 Nb5 20. Rcd3 Bc4 21. R3d2 Qxe3 22. fxe3 Nxa3 0-1

[Event "NB1 Charousek csoport"]
[Site "Ajka"]
[Date "2024.12.15"]
[Round "4.2"]
[White "Konyves, Almos"]
[Black "Fodor, Istvan"]
[Result "1-0"]
[WhiteElo "2274"]
[BlackElo "2308"]
[PlyCount "119"]
[GameId "2124449472721952"]
[EventDate "2024.11.03"]
[EventType "team-tourn"]
[EventRounds "11"]
[EventCountry "HUN"]
[Source "chess.hu"]
[WhiteTeam "Sentimento Ajka BSK"]
[BlackTeam "Biatorbagy II"]
[WhiteTeamCountry "HUN"]
[BlackTeamCountry "HUN"]

1. d4 Nf6 2. c4 e6 3. Nc3 Bb4 4. e3 O-O 5. Bd3 d5 6. cxd5 exd5 7. a3 Bd6 8. Qc2 c6 9. Nge2 Re8 10. Bd2 Nbd7 11. f3 c5 12. h4 Rb8 13. h5 h6 14. g4 Nf8 15. O-O-O c4 16. Bf5 b5 17. e4 a5 18. Bxc8 Rxc8 19. g5 hxg5 20. Bxg5 dxe4 21. fxe4 N8h7 22. Bxf6 Qxf6 23. e5 Qh6+ 24. Qd2 Qxd2+ 25. Kxd2 Bxe5 26. dxe5 Rxe5 27. Nf4 Nf6 28. Kc1 b4 29. axb4 axb4 30. Ncd5 Ne4 31. Rde1 c3 32. b3 Rce8 33. Nxb4 Nc5 34. Rxe5 Rxe5 35. Kc2 Re3 36. Nbd3 Nxb3 37. Kxb3 g5 38. hxg6 fxg6 39. Rg1 Kf7 40. Nxg6 c2 41. Kxc2 Re2+ 42. Kc3 Ra2 43. Kd4 Ra4+ 44. Ke5 Ra5+ 45. Ke4 Ra4+ 46. Kf5 Ra5+ 47. Nge5+ Kf8 48. Rh1 Ke7 49. Rh6 Kd8 50. Rh7 Kc8 51. Rf7 Rb5 52. Nf4 Rb7 53. Rf6 Rb1 54. Nd5 Kb7 55. Ke6 Ra1 56. Rf2 Ra6+ 57. Kd7 Ra1 58. Rf7 Ka6 59. Nc6 Rd1 60. Kd6 1-0

[Event "NB1 Charousek csoport"]
[Site "Ajka"]
[Date "2024.12.15"]
[Round "4.3"]
[White "Szikszai, Bertalan"]
[Black "Varga, Zoltan"]
[Result "1/2-1/2"]
[WhiteElo "2274"]
[BlackElo "2300"]
[PlyCount "26"]
[GameId "2124449522439216"]
[EventDate "2024.11.03"]
[EventType "team-tourn"]
[EventRounds "11"]
[EventCountry "HUN"]
[Source "chess.hu"]
[WhiteTeam "Biatorbagy II"]
[BlackTeam "Sentimento Ajka BSK"]
[WhiteTeamCountry "HUN"]
[BlackTeamCountry "HUN"]

1. e4 d5 2. exd5 Qxd5 3. Nc3 Qe5+ 4. Be2 Bg4 5. d4 Bxe2 6. Ngxe2 Qa5 7. O-O c6 8. Re1 e6 9. Nf4 Nf6 10. d5 cxd5 11. Nfxd5 Nxd5 12. Nxd5 Nc6 13. Bf4 O-O-O 1/2-1/2

[Event "NB1 Charousek csoport"]
[Site "Ajka"]
[Date "2024.12.15"]
[Round "4.4"]
[White "Egresi, Mate"]
[Black "Felmery, Mate"]
[Result "1-0"]
[WhiteElo "2393"]
[BlackElo "2144"]
[PlyCount "109"]
[GameId "2124449561838656"]
[EventDate "2024.11.03"]
[EventType "team-tourn"]
[EventRounds "11"]
[EventCountry "HUN"]
[Source "chess.hu"]
[WhiteTeam "Sentimento Ajka BSK"]
[BlackTeam "Biatorbagy II"]
[WhiteTeamCountry "HUN"]
[BlackTeamCountry "HUN"]

1. e4 c5 2. Nf3 d6 3. Bb5+ Bd7 4. Bxd7+ Nxd7 5. O-O Ngf6 6. Qe2 e6 7. b3 Be7 8. Bb2 O-O 9. c4 Rc8 10. Nc3 Re8 11. d3 Bf8 12. Nd2 Nb8 13. f4 Nc6 14. Nf3 a6 15. h3 d5 16. Qf2 Nb4 17. Ne1 b5 18. e5 d4 19. Nxb5 axb5 20. exf6 Qxf6 21. a3 bxc4 22. axb4 c3 23. Bc1 cxb4 24. f5 e5 25. Qf3 Qd6 26. Qe4 f6 27. Rf2 Qc6 28. Qxc6 Rxc6 29. Rfa2 Bc5 30. Kf1 Kf7 31. Ra8 Rcc8 32. Rxc8 Rxc8 33. Ra5 g6 34. g4 h5 35. fxg6+ Kxg6 36. Ke2 hxg4 37. hxg4 Be7 38. Ra7 Bc5 39. Ra5 Be7 40. Ra7 Bc5 41. Ra6 Rh8 42. g5 Rh2+ 43. Kd1 Be7 44. gxf6 Bxf6 45. Bg5 Rb2 46. Bxf6 Kf5 47. Nf3 Rxb3 48. Bxe5 Rb1+ 49. Kc2 Rb2+ 50. Kc1 b3 51. Rf6+ Kg4 52. Nxd4 Rd2 53. Rf4+ Kh5 54. Nxb3 Rxd3 55. Kc2 1-0

[Event "NB1 Charousek csoport"]
[Site "Ajka"]
[Date "2024.12.15"]
[Round "4.5"]
[White "Jamrich, Gyorgy"]
[Black "Horvath, Peter"]
[Result "1/2-1/2"]
[WhiteElo "2170"]
[BlackElo "2356"]
[PlyCount "66"]
[GameId "2124449617065040"]
[EventDate "2024.11.03"]
[EventType "team-tourn"]
[EventRounds "11"]
[EventCountry "HUN"]
[Source "chess.hu"]
[WhiteTeam "Biatorbagy II"]
[BlackTeam "Sentimento Ajka BSK"]
[WhiteTeamCountry "HUN"]
[BlackTeamCountry "HUN"]

1. e4 c5 2. Nf3 Nc6 3. Bb5 g6 4. O-O Bg7 5. Bxc6 dxc6 6. Nc3 Nf6 7. d3 O-O 8. Be3 b6 9. h3 e5 10. Qd2 Qd6 11. Bh6 Re8 12. Bxg7 Kxg7 13. Ne2 c4 14. dxc4 Nxe4 15. Qe3 Nc5 16. Rad1 Qe7 17. Rfe1 f6 18. Nc3 Be6 19. b3 Rad8 20. Ne4 Nxe4 21. Qxe4 c5 22. Qe2 Bd7 23. Nd2 Bc6 24. Nb1 e4 25. Nc3 Qe5 26. Qe3 Rd4 27. Ne2 Rdd8 28. Qc3 Qxc3 29. Nxc3 f5 30. h4 Kf7 31. Nd5 Bxd5 32. cxd5 Kf6 33. c4 h6 1/2-1/2

[Event "NB1 Charousek csoport"]
[Site "Ajka"]
[Date "2024.12.15"]
[Round "4.6"]
[White "Jakab, Attila"]
[Black "Nagy, Aron"]
[Result "1-0"]
[WhiteElo "2232"]
[BlackElo "2086"]
[PlyCount "79"]
[GameId "2124449653265504"]
[EventDate "2024.11.03"]
[EventType "team-tourn"]
[EventRounds "11"]
[EventCountry "HUN"]
[Source "chess.hu"]
[WhiteTeam "Sentimento Ajka BSK"]
[BlackTeam "Biatorbagy II"]
[WhiteTeamCountry "HUN"]
[BlackTeamCountry "HUN"]

1. d4 c5 2. d5 d6 3. c4 e6 4. Nc3 exd5 5. cxd5 g6 6. e4 Bg7 7. Nge2 a6 8. a4 Nd7 9. Ng3 Ne7 10. Be2 O-O 11. O-O f5 12. exf5 Nxf5 13. Nxf5 gxf5 14. Bf4 Ne5 15. Qd2 Qf6 16. h3 Kh8 17. Bg5 Qg6 18. f4 Nf7 19. Bh4 Kg8 20. Bf3 Bd7 21. Rae1 Rae8 22. Rxe8 Rxe8 23. Re1 Rxe1+ 24. Qxe1 b5 25. Qe7 b4 26. Qxd7 Bd4+ 27. Kh2 bxc3 28. bxc3 Bxc3 29. Qc8+ Kg7 30. Qxa6 Qh6 31. Bg3 Qf6 32. Qd3 Bb4 33. Bd1 Nh6 34. Qe2 Qd4 35. Qe7+ Nf7 36. Bh5 Qxd5 37. Bh4 Bc3 38. a5 Qc4 39. Bxf7 Qxf7 40. a6 1-0

[Event "NB1 Charousek csoport"]
[Site "Ajka"]
[Date "2024.12.15"]
[Round "4.7"]
[White "Csoli, Odon"]
[Black "Cseke, Richard"]
[Result "0-1"]
[WhiteElo "2027"]
[BlackElo "2311"]
[PlyCount "142"]
[GameId "2124449690031226"]
[EventDate "2024.11.03"]
[EventType "team-tourn"]
[EventRounds "11"]
[EventCountry "HUN"]
[Source "chess.hu"]
[WhiteTeam "Biatorbagy II"]
[BlackTeam "Sentimento Ajka BSK"]
[WhiteTeamCountry "HUN"]
[BlackTeamCountry "HUN"]

1. d4 Nf6 2. c4 e6 3. Nf3 b6 4. g3 Bb7 5. Bg2 Be7 6. O-O O-O 7. Nc3 d5 8. Ne5 Nbd7 9. b3 Qc8 10. cxd5 Nxd5 11. Nxd5 exd5 12. Bh3 f5 13. Bf4 c5 14. Rc1 Nxe5 15. Bxe5 Qe6 16. e3 Rac8 17. Qd2 c4 18. Bg2 Ba6 19. bxc4 Bxc4 20. Rfd1 a5 21. Bf1 Ba3 22. Rb1 Bxf1 23. Kxf1 Rc4 24. Rb3 Bb4 25. Qb2 Rfc8 26. a3 Rc2 27. Qb1 f4 28. exf4 Qh3+ 29. Kg1 Rxf2 30. Kxf2 Qxh2+ 31. Kf1 Rc2 32. Qxc2 Qxc2 33. Rdb1 Qc4+ 34. Kg1 Bc3 35. Rxb6 Bxd4+ 36. Bxd4 Qxd4+ 37. Kg2 h5 38. R6b3 Kh7 39. Rf1 Qe4+ 40. Rbf3 d4 41. R1f2 Kg6 42. Rd2 Kf5 43. Kf2 Kg4 44. Rfd3 Qh1 45. Rd1 Qh2+ 46. Kf1 g6 47. R1d2 Qh1+ 48. Kf2 a4 49. Rd1 Qh2+ 50. Kf1 Kh3 51. R1d2 Qh1+ 52. Kf2 Qg2+ 53. Ke1 Qg1+ 54. Ke2 Qa1 55. Rd1 Qa2+ 56. Ke1 Kg4 57. R1d2 Qa1+ 58. Ke2 Kf5 59. Rd1 Qa2+ 60. Ke1 Ke6 61. R1d2 Qc4 62. Kd1 Kd5 63. Ke2 Ke4 64. Rd1 h4 65. gxh4 Kxf4 66. Kf2 Ke4 67. Rxd4+ Qxd4+ 68. Rxd4+ Kxd4 69. Kf3 Kc3 70. Kg4 Kb3 71. Kg5 Kxa3 0-1

[Event "NB1 Charousek csoport"]
[Site "Ajka"]
[Date "2024.12.15"]
[Round "4.8"]
[White "Szelenyi, Norbert"]
[Black "Ruip, Janos"]
[Result "1/2-1/2"]
[WhiteElo "2245"]
[BlackElo "2039"]
[PlyCount "95"]
[GameId "2124449723290762"]
[EventDate "2024.11.03"]
[EventType "team-tourn"]
[EventRounds "11"]
[EventCountry "HUN"]
[Source "chess.hu"]
[WhiteTeam "Sentimento Ajka BSK"]
[BlackTeam "Biatorbagy II"]
[WhiteTeamCountry "HUN"]
[BlackTeamCountry "HUN"]

1. d4 Nf6 2. Nf3 g6 3. Bf4 Bg7 4. c3 d6 5. h3 O-O 6. Nbd2 b6 7. e3 Bb7 8. Be2 Nbd7 9. O-O Re8 10. Bh2 e6 11. a4 a5 12. b4 axb4 13. cxb4 e5 14. Nc4 exd4 15. Nxd4 Nd5 16. Bf3 Nc3 17. Qc2 Bxf3 18. Nxf3 b5 19. Na5 bxa4 20. Nc6 Qf6 21. Nfd4 Nd5 22. Rxa4 Rxa4 23. Qxa4 N7b6 24. Qb3 Ne7 25. b5 Nxc6 26. bxc6 Rc8 27. Rb1 Qd8 28. Bg3 Be5 29. Bxe5 dxe5 30. Nb5 Qd5 31. Qxd5 Nxd5 32. Na7 Re8 33. Rb7 e4 34. Nb5 Rc8 35. Na7 Re8 36. Nb5 Rc8 37. f3 f5 38. Kf2 Kf8 39. g4 Ke7 40. f4 h6 41. gxf5 gxf5 42. Nd4 Kf6 43. Nb5 h5 44. h4 Ke6 45. Nd4+ Kf6 46. Nb5 Ke6 47. Nd4+ Kf6 48. Nb5 1/2-1/2

[Event "NB1 Charousek csoport"]
[Site "Ajka"]
[Date "2024.12.15"]
[Round "4.9"]
[White "Felmery, Tamas"]
[Black "Kustar, Sandor"]
[Result "0-1"]
[WhiteElo "1818"]
[BlackElo "2245"]
[PlyCount "148"]
[GameId "2124449762256026"]
[EventDate "2024.11.03"]
[EventType "team-tourn"]
[EventRounds "11"]
[EventCountry "HUN"]
[Source "chess.hu"]
[WhiteTeam "Biatorbagy II"]
[BlackTeam "Sentimento Ajka BSK"]
[WhiteTeamCountry "HUN"]
[BlackTeamCountry "HUN"]

1. c4 g6 2. d4 Nf6 3. Nc3 d5 4. e3 Bg7 5. Nf3 O-O 6. cxd5 Nxd5 7. Bc4 Nxc3 8. bxc3 c5 9. O-O Nc6 10. Bb2 Qc7 11. Qe2 Bd7 12. Bd3 Rad8 13. d5 Na5 14. c4 e5 15. e4 b6 16. Nd2 Nb7 17. f3 Rde8 18. Rf2 Nd6 19. Raf1 Bc8 20. f4 exf4 21. Bxg7 Kxg7 22. Rxf4 f6 23. Qf2 Qe7 24. Qg3 g5 25. h4 h6 26. hxg5 hxg5 27. Rh4 Qe5 28. Qxe5 Rxe5 29. Rh2 Bg4 30. Nf3 Bxf3 31. gxf3 Nf7 32. Kf2 Rh8 33. Rfh1 Rxh2+ 34. Rxh2 Re8 35. Kg3 Ne5 36. Bf1 Rh8 37. Rd2 Kf7 38. d6 Rd8 39. f4 gxf4+ 40. Kxf4 Rh8 41. Be2 Ke6 42. d7 Ke7 43. a4 Nxd7 44. a5 Rh4+ 45. Ke3 Rh3+ 46. Kf2 Rb3 47. axb6 axb6 48. Rd3 Rb1 49. Rc3 Ne5 50. Ke3 Ke6 51. Kd2 Nc6 52. Bg4+ Ke5 53. Bf5 Nd4 54. Bh7 Rb2+ 55. Kd1 Rh2 56. Bg6 Rg2 57. Bf5 Nxf5 58. exf5 Rb2 59. Kc1 Rb4 60. Kc2 Kxf5 61. Rf3+ Ke4 62. Rxf6 Rxc4+ 63. Kb3 Rb4+ 64. Kc3 Kd5 65. Rh6 b5 66. Rh8 Rg4 67. Rd8+ Ke6 68. Rd1 Rg3+ 69. Kb2 b4 70. Rd8 c4 71. Kc2 Rg2+ 72. Kc1 b3 73. Kd1 b2 74. Rb8 c3 0-1

[Event "NB1 Charousek csoport"]
[Site "Ajka"]
[Date "2024.12.15"]
[Round "4.10"]
[White "Danada, Tomas"]
[Black "Zsaki, Akos"]
[Result "1-0"]
[WhiteElo "2176"]
[BlackElo "1732"]
[PlyCount "67"]
[GameId "2124449803527338"]
[EventDate "2024.11.03"]
[EventType "team-tourn"]
[EventRounds "11"]
[EventCountry "HUN"]
[Source "chess.hu"]
[WhiteTeam "Sentimento Ajka BSK"]
[BlackTeam "Biatorbagy II"]
[WhiteTeamCountry "HUN"]
[BlackTeamCountry "HUN"]

1. c4 e5 2. Nc3 Nf6 3. Nf3 Nc6 4. e3 d5 5. cxd5 Nxd5 6. Bb5 Nxc3 7. bxc3 Bd6 8. d4 exd4 9. cxd4 O-O 10. O-O Bg4 11. h3 Bh5 12. Bxc6 bxc6 13. e4 Bb4 14. Be3 Qd6 15. Rc1 Rfe8 16. Qa4 Rxe4 17. Rxc6 Qd5 18. Ra6 c5 19. Rxa7 Rd8 20. a3 cxd4 21. axb4 dxe3 22. Ra5 exf2+ 23. Rxf2 Qd1+ 24. Qxd1 Rxd1+ 25. Rf1 Rxf1+ 26. Kxf1 f6 27. Rxh5 Rxb4 28. Rd5 Re4 29. Rd7 Kf8 30. Kf2 Rb4 31. Ke3 Ra4 32. Nd4 Ra3+ 33. Kf2 Rd3 34. Ne6+ 1-0

[Event "NB1 Charousek csoport"]
[Site "Ajka"]
[Date "2024.12.15"]
[Round "4.11"]
[White "Cser, Matyas"]
[Black "Pasti, Anna"]
[Result "0-1"]
[WhiteElo "1495"]
[BlackElo "1970"]
[PlyCount "73"]
[GameId "2124449871348922"]
[EventDate "2024.11.03"]
[EventType "team-tourn"]
[EventRounds "11"]
[EventCountry "HUN"]
[Source "chess.hu"]
[WhiteTeam "Biatorbagy II"]
[BlackTeam "Sentimento Ajka BSK"]
[WhiteTeamCountry "HUN"]
[BlackTeamCountry "HUN"]

1. e4 d6 2. d4 Nf6 3. Nc3 g6 4. Be3 Bg7 5. h3 a6 6. a4 O-O 7. Bc4 c6 8. e5 Nd5 9. Nf3 Nxe3 10. fxe3 dxe5 11. Nxe5 Bxe5 12. dxe5 Qb6 13. Qc1 Qc5 14. Bd3 Qxe5 15. Qd2 Nd7 16. O-O-O Nc5 17. g4 Rd8 18. Qe2 b5 19. axb5 axb5 20. Rhf1 Be6 21. Kd2 b4 22. Nb1 Qxb2 23. Ke1 b3 24. Kf2 Ra2 25. Rd2 bxc2 26. Rxc2 Nxd3+ 27. Qxd3 Rxd3 28. Rxb2 Rxb2+ 29. Kf3 Bd5+ 30. Kf4 Bg2 31. Rc1 Rxb1 32. Rxc6 Rb4+ 33. Kg5 Kg7 34. Rc2 h6+ 35. Kh4 Rxe3 36. Re2 g5+ 37. Kh5 0-1

[Event "NB1 Charousek csoport"]
[Site "Tapolca"]
[Date "2024.12.15"]
[Round "4.1"]
[White "Sebenik, Matej"]
[Black "Ostovic, Matija"]
[Result "1/2-1/2"]
[WhiteElo "2502"]
[BlackElo "2380"]
[PlyCount "91"]
[GameId "2124589615774349"]
[EventDate "2024.11.03"]
[EventType "team-tourn"]
[EventRounds "11"]
[EventCountry "HUN"]
[Source "chess.hu"]
[WhiteTeam "SZ-A STE"]
[BlackTeam "Tapolca Varosi SE"]
[WhiteTeamCountry "HUN"]
[BlackTeamCountry "HUN"]

1. d4 d5 2. c4 dxc4 3. e3 Nf6 4. Bxc4 e6 5. Nf3 a6 6. O-O Nbd7 7. Qe2 b5 8. Bd3 c5 9. a4 b4 10. Nbd2 Be7 11. Nc4 O-O 12. a5 Bb7 13. Bd2 Ne4 14. Rfd1 Qc7 15. Be1 cxd4 16. exd4 Qf4 17. Qe3 Qxe3 18. fxe3 Rfc8 19. Rdc1 Rc7 20. Ncd2 Rxc1 21. Rxc1 Nxd2 22. Bxd2 Bd6 23. Kf2 Nf6 24. Ke2 h6 25. Be1 Ne4 26. Ne5 Nf6 27. Nf3 Ne4 28. g3 Rd8 29. Nd2 Nxd2 30. Bxd2 e5 31. dxe5 Bxe5 32. Bxb4 Bc8 33. Bc3 Bg4+ 34. Kd2 Bf5 35. Bxe5 Rxd3+ 36. Ke2 Rd5 37. Bc3 Bd3+ 38. Kf2 f6 39. b4 Rf5+ 40. Kg1 Rb5 41. Be1 Re5 42. Rc3 Bb5 43. Kg2 Re6 44. Rc8+ Re8 45. Rc3 Re6 46. Rc8+ 1/2-1/2

[Event "NB1 Charousek csoport"]
[Site "Tapolca"]
[Date "2024.12.15"]
[Round "4.2"]
[White "Acs, Marton"]
[Black "Seres, Lajos"]
[Result "1/2-1/2"]
[WhiteElo "2142"]
[BlackElo "2308"]
[PlyCount "55"]
[GameId "2124589725600415"]
[EventDate "2024.11.03"]
[EventType "team-tourn"]
[EventRounds "11"]
[EventCountry "HUN"]
[Source "chess.hu"]
[WhiteTeam "Tapolca Varosi SE"]
[BlackTeam "SZ-A STE"]
[WhiteTeamCountry "HUN"]
[BlackTeamCountry "HUN"]

1. Nf3 c5 2. g3 g6 3. c4 Bg7 4. Bg2 Nc6 5. Nc3 Nf6 6. d4 cxd4 7. Nxd4 O-O 8. O-O Ng4 9. e3 d6 10. h3 Nge5 11. b3 Bd7 12. Bb2 Rb8 13. Kh2 a6 14. f4 Nxd4 15. exd4 Nc6 16. d5 Nd4 17. Qd2 Qa5 18. Rfd1 Rfc8 19. Ne4 Qxd2 20. Rxd2 Nf5 21. Bxg7 Kxg7 22. Re1 h5 23. Ng5 Kf8 24. Rde2 Re8 25. Nh7+ Kg7 26. Ng5 Kf8 27. Nh7+ Kg7 28. Ng5 1/2-1/2